000 00343nam a2200133Ia 4500
008 240624s9999 xx 000 0 und d
041 _aeng
082 _a302.35 AYC
100 _aAYCAN ZEYNEP
245 _aORGANIZATIONS AND MANAGEMENT IN CROSS CU
260 _c2014
_aLondon
_bSage
300 _axvi, : 375 : p. : cm. ; 23
365 _cGBP
_b38
999 _c27443
_d27443